Osječko-baranjska Kviz - Statistics

General Stats
  • This quiz has been taken 204 times
  • The average score is 9 of 13
Answer Stats
Savjet Odgovor % Correct
Glavni Osijek
98%
Granične zemlje Srbija
92%
Granične zemlje Mađarska
91%
Glavne rijeke Dunav
85%
Broj gradova 7
84%
Glavne rijeke Drava
79%
Granične županije Vukovarsko-srijemska
79%
Granične županije Brodsko-posavska
68%
Granične županije Požesko-slavonska
65%
Broj općina 35
57%
Granične županije Virovitičko-podravska
56%
Župan Ivan Anušić
29%
Zgrada je prikazana u minijaturi Dvorac u {Donjem Miholjcu}
12%
No matching quizzes found
Score Distribution
Percent of People with Each Score
Percentile by Number Answered
Your Score History
You have not taken this quiz